| 000 | 01018nam a22002537a 4500 | ||
|---|---|---|---|
| 001 | 1457 | ||
| 003 | CO-MdFUSB | ||
| 005 | 20180622072713.0 | ||
| 008 | 170310t1956 ag ||||| |||| 00| 0 spa d | ||
| 040 |
_aCO-MdFUSB _bspa _cCO-MdFUSB _dCO-MdFUSBC _erda |
||
| 041 | 0 | _aspa | |
| 082 | 0 | 4 | _aG 201 S5417f |
| 100 | 1 |
_aSheen, Fulton J. (John) (1895-1979) _eautor |
|
| 245 | 1 | 0 |
_aFilosofía de la religión _b : El impacto del conocimiento moderno sobre la religión _c / Fulton J. Sheen ; Gullermo Whitelow, Luis Fabricant, Traductores |
| 264 | 4 |
_aBuenos Aires, Argentina : _b Emecé, _c©1956 |
|
| 300 | _a385 Pag. | ||
| 336 |
_2rdacontent _a1 _ba1 |
||
| 337 |
_2rdamedia _a2 _b5 |
||
| 338 |
_2rdacarrier _a2 _b5 |
||
| 500 | _aTítulo original : Philosophy of religion : The impact of modern knowledge on religion | ||
| 505 | 0 | 0 | _ael espíritu de los tiempos y la gran tradición -- Dios y la razón -- el impacto de las ciencias sobre la religión -- hombre y religión |
| 653 | _aFilosofía de la religión | ||
| 942 | _cBK | ||
| 999 |
_c32777 _d32777 |
||